[Event "Benidorm 2003 - sub2300"]
[Site "Benidorm ESP"]
[Date "2003.11.24"]
[Round "5.21"]
[White "Cardenas Valero, Joaquin"]
[Black "Martin Martin, Luis Vicente"]
[Result "1-0"]
[WhiteElo "2299"]
[BlackElo "2168"]
[PlyCount "83"]
[EventDate "2003.11.21"]
[EventType "swiss"]
[EventRounds "9"]
[EventCountry "ESP"]
[Source "lmi"]
[SourceDate "2003.11.21"]

1. e4 e6 2. f4 d5 3. e5 c5 4. c3 Nc6 5. Nf3 Nh6 6. Na3 Bd7 7. Nc2 Be7 8. d4 Qb6
9. Rb1 Nf5 10. Bd3 g6 11. Bxf5 gxf5 12. Be3 cxd4 13. Ncxd4 Nxd4 14. Bxd4 Qa6
15. a3 Bb5 16. Qd2 O-O-O 17. Qe3 Kb8 18. Rd1 Rc8 19. Kf2 b6 20. Rd2 Bc4 21. b3
Bxb3 22. Rb1 Bc4 23. Bxb6 Ka8 24. Bd4 Rb8 25. Rxb8+ Rxb8 26. Bc5 Bxc5 27. Qxc5
Qb6 28. Qxb6 Rxb6 29. Ng5 Rb3 30. Nxf7 Rxc3 31. Ng5 d4 32. Rxd4 Rc2+ 33. Ke3
Bd5 34. Rd2 Rc3+ 35. Rd3 Rc2 36. Nxh7 Rxg2 37. Nf6 Rxh2 38. Nxd5 exd5 39. Rxd5
Rh3+ 40. Kf2 Rxa3 41. e6 Ra4 42. Kg3 1-0

[Event "Benidorm 2003 - sub2300"]
[Site "Benidorm ESP"]
[Date "2003.11.24"]
[Round "5.22"]
[White "Rodriguez Cordon, Luis"]
[Black "Mogranzini, Roberto"]
[Result "0-1"]
[WhiteElo "2271"]
[BlackElo "2172"]
[PlyCount "120"]
[EventDate "2003.11.21"]
[EventType "swiss"]
[EventRounds "9"]
[EventCountry "ESP"]
[Source "lmi"]
[SourceDate "2003.11.21"]

1. d4 Nf6 2. c4 g6 3. Nc3 d5 4. Nf3 Bg7 5. Bg5 Ne4 6. cxd5 Nxg5 7. Nxg5 e6 8.
Qd2 h6 9. Nf3 exd5 10. e3 O-O 11. b4 Be6 12. Be2 a6 13. O-O Nd7 14. a4 c6 15.
Ne1 a5 16. Rb1 axb4 17. Rxb4 b6 18. Nf3 Re8 19. Rc1 Bf8 20. Rbb1 Qb8 21. Na2
Rxa4 22. Rxc6 Qa8 23. Nc3 Rb4 24. Rxb4 Bxb4 25. Bb5 Qa1+ 26. Qe1 Qa5 27. Bd3
Nb8 28. Rc7 Bd6 29. Rb7 Bc8 30. Nb5 Qxe1+ 31. Nxe1 Bxh2+ 32. Kxh2 Bxb7 33. Nc2
Nc6 34. Kg3 Rd8 35. Kf4 Kf8 36. Nc3 Ke7 37. Na4 Rd6 38. Nxb6 Nxd4 39. Nxd4 Rxb6
40. g4 Rb2 41. f3 Kf6 42. Bc2 Bc8 43. Bb3 Be6 44. Bc2 Ra2 45. Kg3 Ra3 46. Kg2
h5 47. gxh5 gxh5 48. Bb3 h4 49. f4 h3+ 50. Kg3 Ra1 51. Nf3 Rb1 52. Bc2 Rc1 53.
Nd4 Rg1+ 54. Kh2 Rg2+ 55. Kh1 Rd2 56. f5 Bc8 57. Bb3 Bb7 58. Bc2 Ba6 59. Bb3
Bc4 60. Ba4 Bd3 0-1

[Event "Benidorm 2003 - sub2300"]
[Site "Benidorm ESP"]
[Date "2003.11.24"]
[Round "5.23"]
[White "Angel Acosta, Juan Carlos"]
[Black "Ballesteros Gonzalez, David"]
[Result "1-0"]
[WhiteElo "2151"]
[BlackElo "2259"]
[PlyCount "93"]
[EventDate "2003.11.21"]
[EventType "swiss"]
[EventRounds "9"]
[EventCountry "ESP"]
[Source "lmi"]
[SourceDate "2003.11.21"]

1. d4 Nf6 2. Nf3 g6 3. g3 Bg7 4. Bg2 O-O 5. O-O d6 6. c4 c6 7. Nc3 Qa5 8. e4
Nbd7 9. Rb1 e5 10. b4 Qc7 11. dxe5 Nxe5 12. Nxe5 dxe5 13. Be3 b6 14. h3 Be6 15.
Qe2 Nd7 16. Rbc1 f5 17. exf5 gxf5 18. b5 e4 19. bxc6 Qxc6 20. Nd5 Bxd5 21. cxd5
Qxd5 22. Rfd1 Qe6 23. Rc7 Ne5 24. Bd4 Rf7 25. Rxf7 Nxf7 26. Bxg7 Kxg7 27. g4
Re8 28. gxf5 Qxf5 29. Rd4 Ne5 30. h4 Nf3+ 31. Bxf3 Qxf3 32. Rd7+ Kg6 33. h5+
Kg5 34. Qb5+ Kh4 35. Rg7 Rc8 36. Qg5+ Kh3 37. Qd2 Kh4 38. Rg2 Qf5 39. Rh2+ Kg4
40. h6 Rf8 41. Qd6 Qf6 42. Rg2+ Kf5 43. Qd5+ Kf4 44. Qh5 Qf5 45. Qh2+ Kf3 46.
Qg3+ Ke2 47. f4+ 1-0

[Event "Benidorm 2003 - sub2300"]
[Site "Benidorm ESP"]
[Date "2003.11.24"]
[Round "5.24"]
[White "Ilmoni, Tommy"]
[Black "Martin Perez, Javier"]
[Result "0-1"]
[WhiteElo "2150"]
[BlackElo "2255"]
[PlyCount "112"]
[EventDate "2003.11.21"]
[EventType "swiss"]
[EventRounds "9"]
[EventCountry "ESP"]
[Source "lmi"]
[SourceDate "2003.11.21"]

1. d4 d5 2. e4 e6 3. exd5 exd5 4. Bd3 Nc6 5. c3 Bd6 6. Ne2 Qf6 7. Qb3 Nge7 8.
Nd2 Bf5 9. Bxf5 Qxf5 10. O-O O-O 11. Ng3 Qg4 12. Qd1 Qg6 13. f4 Nf5 14. Nxf5
Qxf5 15. Nf3 Rae8 16. Ne5 f6 17. g4 Qc8 18. Nd3 Re7 19. Qf3 Qe6 20. Bd2 Qe4 21.
Rae1 Qxf3 22. Rxf3 Rxe1+ 23. Bxe1 Re8 24. Kf1 Nd8 25. Bg3 Nf7 26. Bf2 Nh6 27.
h3 f5 28. g5 Nf7 29. Re3 Re4 30. Rf3 Nd8 31. Be3 Kf7 32. Nf2 Re8 33. b3 Kg6 34.
Kg2 Nf7 35. Rg3 Bf8 36. Kf3 Nd6 37. Rg1 Ne4 38. Nd1 Bd6 39. Rg2 a5 40. Rc2 c6
41. c4 Ra8 42. c5 Bc7 43. a3 h6 44. gxh6 gxh6 45. Rg2+ Kf6 46. Bf2 Nd2+ 47. Ke2
Nxb3 48. Bh4+ Kf7 49. Kd3 Re8 50. Rb2 a4 51. Bg3 Re4 52. Nf2 Rxd4+ 53. Ke3 Rc4
54. Nd3 Rc3 55. Ke2 Nd4+ 56. Ke3 Nb5 0-1

[Event "Benidorm 2003 - sub2300"]
[Site "Benidorm ESP"]
[Date "2003.11.24"]
[Round "5.25"]
[White "Remizov, Juri"]
[Black "Rosa Cintas, Raul"]
[Result "0-1"]
[WhiteElo "2255"]
[BlackElo "2144"]
[PlyCount "70"]
[EventDate "2003.11.21"]
[EventType "swiss"]
[EventRounds "9"]
[EventCountry "ESP"]
[Source "lmi"]
[SourceDate "2003.11.21"]

1. e4 e5 2. Bc4 Nf6 3. Nf3 Nxe4 4. Nc3 Nf6 5. Qe2 d5 6. Nxe5 Be6 7. Bb3 Bd6 8.
d4 O-O 9. Bg5 c6 10. O-O b5 11. Nd1 Be7 12. c3 Ne4 13. Bxe7 Qxe7 14. f3 Nd6 15.
Re1 a5 16. a4 b4 17. cxb4 Nf5 18. bxa5 Nxd4 19. Qe3 Qa7 20. Nf2 c5 21. Rec1 c4
22. Bd1 Ndc6 23. Qxa7 Rxa7 24. Nxc6 Nxc6 25. b3 Nxa5 26. bxc4 dxc4 27. Ne4 Nb3
28. Bxb3 cxb3 29. Rcb1 Rc8 30. Kf2 Rc2+ 31. Ke3 f5 32. Nd6 Rd7 33. Nb5 Bc4 34.
Na3 Re2+ 35. Kf4 b2 0-1

[Event "Benidorm 2003 - sub2300"]
[Site "Benidorm ESP"]
[Date "2003.11.24"]
[Round "5.27"]
[White "Fernandez De Pablo, Miguel"]
[Black "Rupel, David G"]
[Result "1/2-1/2"]
[WhiteElo "2209"]
[BlackElo "2106"]
[PlyCount "131"]
[EventDate "2003.11.21"]
[EventType "swiss"]
[EventRounds "9"]
[EventCountry "ESP"]
[Source "lmi"]
[SourceDate "2003.11.21"]

1. e4 c5 2. Nf3 g6 3. d4 cxd4 4. Qxd4 Nf6 5. e5 Nc6 6. Qh4 Nxe5 7. Nxe5 Qa5+ 8.
Nc3 Qxe5+ 9. Be2 Bg7 10. O-O O-O 11. Bf3 Re8 12. Bg5 Qa5 13. Rfe1 d6 14. Bxf6
Bxf6 15. Qxf6 exf6 16. Rxe8+ Kg7 17. Nd5 Qb5 18. Rae1 Be6 19. Rxa8 Bxd5 20.
Bxd5 Qxd5 21. Rxa7 Qd2 22. Rf1 Qb4 23. b3 b5 24. Rd7 Qc5 25. Rd1 Qxc2 26. R7xd6
Qxa2 27. R6d3 Qc2 28. h3 b4 29. R1d2 Qb1+ 30. Kh2 f5 31. h4 h5 32. Re3 f4 33.
Rf3 Qe4 34. Rd7 Qe5 35. Kg1 Qe1+ 36. Kh2 Qe5 37. Rb7 Qd4 38. Rc7 Qd8 39. Rc4
Qxh4+ 40. Kg1 g5 41. Rxb4 Qg4 42. Rb5 f6 43. b4 Qd7 44. Rc5 Qd1+ 45. Kh2 Qb1
46. b5 Qb2 47. Rd5 Kg6 48. g3 fxg3+ 49. Kxg3 Qb1 50. Kh2 g4 51. Rf4 Qb3 52.
Rdf5 Qh3+ 53. Kg1 g3 54. Rxf6+ Kg7 55. Rf7+ Kg8 56. Rf8+ Kg7 57. R4f7+ Kg6 58.
Rf6+ Kg7 59. R8f7+ Kg8 60. fxg3 Qxg3+ 61. Kh1 Qh3+ 62. Kg1 Qg3+ 63. Kf1 Qd3+
64. Kg2 Qxb5 65. Rf8+ Kg7 66. R8f7+ 1/2-1/2

[Event "Benidorm 2003 - sub2300"]
[Site "Benidorm ESP"]
[Date "2003.11.24"]
[Round "5.28"]
[White "Milla de Marco, Carlos"]
[Black "Cordon Gutierrez, Juan Pedro"]
[Result "0-1"]
[WhiteElo "2123"]
[BlackElo "2209"]
[PlyCount "58"]
[EventDate "2003.11.21"]
[EventType "swiss"]
[EventRounds "9"]
[EventCountry "ESP"]
[Source "lmi"]
[SourceDate "2003.11.21"]

1. e4 c5 2. Nc3 e6 3. g3 Nc6 4. Bg2 Nf6 5. d3 d5 6. exd5 exd5 7. Nge2 d4 8. Ne4
Be7 9. Nf4 O-O 10. O-O Bf5 11. Re1 Qd7 12. h3 h6 13. Bd2 Rfe8 14. a3 a5 15.
Nxf6+ Bxf6 16. Nd5 Rxe1+ 17. Qxe1 Bd8 18. g4 Bh7 19. f4 f5 20. Qg3 Kf8 21. gxf5
Bxf5 22. Re1 Ra6 23. c4 dxc3 24. bxc3 Ne7 25. c4 Rg6 26. Qe3 Nxd5 27. cxd5 Bxh3
28. Qxc5+ Kg8 29. Bxa5 b6 0-1

[Event "Benidorm 2003 - sub2300"]
[Site "Benidorm ESP"]
[Date "2003.11.24"]
[Round "5.29"]
[White "Buxade Roca, Guillermo"]
[Black "Reig Pinol, Armand"]
[Result "1-0"]
[WhiteElo "2202"]
[BlackElo "2124"]
[PlyCount "74"]
[EventDate "2003.11.21"]
[EventType "swiss"]
[EventRounds "9"]
[EventCountry "ESP"]
[Source "lmi"]
[SourceDate "2003.11.21"]

1. e4 d6 2. d4 Nf6 3. Nc3 g6 4. Be2 Bg7 5. Be3 c6 6. Qd2 Qa5 7. h3 b5 8. Bf3
Nfd7 9. Nge2 Bb7 10. O-O b4 11. Nd1 c5 12. a3 Nc6 13. c3 Nb6 14. cxb4 cxb4 15.
b3 Rc8 16. a4 O-O 17. Nb2 Ba6 18. Rac1 e5 19. d5 Ne7 20. Nd3 Bxd3 21. Qxd3 Nd7
22. Rxc8 Rxc8 23. Rc1 Rxc1+ 24. Nxc1 Nc5 25. Qc4 Nc8 26. Bxc5 Qxc5 27. Qxc5
dxc5 28. Nd3 f6 29. Nxc5 Bf8 30. Nd3 Nd6 31. Nxb4 Nxe4 32. Nc6 Nd2 33. Nxa7
Nxb3 34. d6 Nc5 35. Bd5+ Kg7 36. Nc8 Bxd6 37. Nxd6 Nxa4 1-0

[Event "Benidorm 2003 - sub2300"]
[Site "Benidorm ESP"]
[Date "2003.11.24"]
[Round "5.31"]
[White "Correas Gonzalez, Jose Ramon"]
[Black "Plachkinova, Tatjana G"]
[Result "1/2-1/2"]
[WhiteElo "2107"]
[BlackElo "2200"]
[PlyCount "43"]
[EventDate "2003.11.21"]
[EventType "swiss"]
[EventRounds "9"]
[EventCountry "ESP"]
[Source "lmi"]
[SourceDate "2003.11.21"]

1. e4 c5 2. Nf3 Nc6 3. d4 cxd4 4. Nxd4 Nf6 5. Nc3 d6 6. Bc4 Qb6 7. Nb3 a6 8.
O-O e6 9. Be3 Qc7 10. f4 Be7 11. Bd3 O-O 12. Qf3 b5 13. Rae1 b4 14. Ne2 e5 15.
f5 Rd8 16. g4 d5 17. Ng3 Bb7 18. g5 dxe4 19. Nxe4 Nxe4 20. Bxe4 Na5 21. Bxb7
Nxb7 22. f6 1/2-1/2

[Event "Benidorm 2003 - sub2300"]
[Site "Benidorm ESP"]
[Date "2003.11.24"]
[Round "5.32"]
[White "Ginsburg, Natan"]
[Black "Planas, Juan"]
[Result "0-1"]
[WhiteElo "2118"]
[BlackElo "2199"]
[PlyCount "70"]
[EventDate "2003.11.21"]
[EventType "swiss"]
[EventRounds "9"]
[EventCountry "ESP"]
[Source "lmi"]
[SourceDate "2003.11.21"]

1. e4 c5 2. Nf3 Nc6 3. c3 d5 4. exd5 Qxd5 5. d4 Nf6 6. a3 Bg4 7. Be2 e6 8. h3
Bh5 9. O-O Be7 10. c4 Qd7 11. dxc5 Qxd1 12. Rxd1 Bxc5 13. b4 Nd4 14. Nxd4 Bxd4
15. Rxd4 Bxe2 16. Bf4 Rd8 17. Rxd8+ Kxd8 18. Nd2 Kc8 19. Rc1 Rd8 20. Rc3 Rd3
21. Rxd3 Bxd3 22. f3 Nd7 23. c5 e5 24. Bg3 f6 25. Ne4 Bxe4 26. fxe4 Kc7 27. Kf1
Kc6 28. Ke2 a5 29. Kd3 axb4 30. axb4 Kb5 31. Be1 Nb8 32. Kc3 Nc6 33. Kb3 Nd4+
34. Kc3 Ne2+ 35. Kd2 Nf4 0-1

[Event "Benidorm 2003 - sub2300"]
[Site "Benidorm ESP"]
[Date "2003.11.24"]
[Round "5.33"]
[White "Plaza Pardo, Daniel"]
[Black "Serrano Marhuenda, Salvador"]
[Result "0-1"]
[WhiteElo "2091"]
[BlackElo "2197"]
[PlyCount "128"]
[EventDate "2003.11.21"]
[EventType "swiss"]
[EventRounds "9"]
[EventCountry "ESP"]
[Source "lmi"]
[SourceDate "2003.11.21"]

1. e4 c5 2. Nf3 e6 3. d4 cxd4 4. Nxd4 a6 5. Bd3 Nc6 6. Nxc6 dxc6 7. Nd2 e5 8.
Nc4 Qc7 9. O-O b5 10. Ne3 Nf6 11. Bd2 Be7 12. c4 O-O 13. Qe2 Rd8 14. Rfd1 Be6
15. Rac1 Qb6 16. Bc3 Bd6 17. b4 c5 18. bxc5 Bxc5 19. Nd5 Bxd5 20. cxd5 Bd6 21.
h3 Rac8 22. Qb2 Nd7 23. Rb1 Rb8 24. Qe2 Nc5 25. Bb4 Na4 26. Qd2 Rdc8 27. Bxd6
Qxd6 28. Rdc1 h6 29. Kf1 Kf8 30. Ke2 Ke7 31. Qa5 Kf8 32. Qd2 Kg8 33. Ke1 Qa3
34. Rc2 Rxc2 35. Qxc2 Qc3+ 36. Qxc3 Nxc3 37. Rb3 Na4 38. Kd2 Kf8 39. Bc2 Nc5
40. Rc3 Rc8 41. Bd3 Ke7 42. Rc1 Kd6 43. Rc2 Rc7 44. f3 g5 45. Rc1 Na4 46. Rb1
Nb6 47. g3 f6 48. Rb3 Na4 49. Rb1 Nc5 50. Rb2 h5 51. Rb1 Rh7 52. Rc1 h4 53. g4
Rb7 54. Rc2 Rb6 55. Rc1 a5 56. Rb1 b4 57. Be2 Rb7 58. Bc4 Na4 59. a3 Kc5 60.
Bb3 Nc3 61. Rc1 Ra7 62. axb4+ axb4 63. Kd3 Ra3 64. Kc2 Ne2 0-1

[Event "Benidorm 2003 - sub2300"]
[Site "Benidorm ESP"]
[Date "2003.11.24"]
[Round "5.34"]
[White "Sarto Ramos, Angel"]
[Black "Gabaldon Gomez, Miguel Angel"]
[Result "0-1"]
[WhiteElo "2067"]
[BlackElo "2186"]
[PlyCount "50"]
[EventDate "2003.11.21"]
[EventType "swiss"]
[EventRounds "9"]
[EventCountry "ESP"]
[Source "lmi"]
[SourceDate "2003.11.21"]

1. c4 d6 2. Nc3 g6 3. g3 Bg7 4. Bg2 e5 5. d3 Ne7 6. e3 O-O 7. Nge2 c6 8. O-O
Be6 9. Bd2 a5 10. f4 Na6 11. b3 Bg4 12. h3 Bxe2 13. Qxe2 exf4 14. gxf4 Nf5 15.
Bf3 Re8 16. Rae1 Nd4 17. Qf2 Nxf3+ 18. Qxf3 f5 19. d4 Rb8 20. d5 Nb4 21. Ne2 c5
22. a4 b6 23. Nc3 Nc2 24. Nb5 Rb7 25. Rc1 Nb4 0-1

[Event "Benidorm 2003 - sub2300"]
[Site "Benidorm ESP"]
[Date "2003.11.24"]
[Round "5.35"]
[White "Villa Izquierdo, Roberto"]
[Black "Penillas Mendez, Ismael"]
[Result "1-0"]
[WhiteElo "2183"]
[BlackElo "2176"]
[PlyCount "71"]
[EventDate "2003.11.21"]
[EventType "swiss"]
[EventRounds "9"]
[EventCountry "ESP"]
[Source "lmi"]
[SourceDate "2003.11.21"]

1. d4 Nf6 2. Nf3 d5 3. Bf4 c6 4. e3 Qb6 5. Qc1 Bg4 6. Ne5 Bh5 7. c4 e6 8. c5
Qd8 9. Nc3 b6 10. b4 bxc5 11. bxc5 Nfd7 12. Nd3 Qa5 13. f3 Be7 14. Be2 Bg6 15.
O-O O-O 16. e4 Na6 17. Rb1 Rfd8 18. Kh1 Bf6 19. Rb3 Bxd4 20. Ra3 Bxc3 21. Rxa5
Bxa5 22. Qa3 dxe4 23. fxe4 Ndxc5 24. Nxc5 Nxc5 25. Qxc5 Bb6 26. Qxc6 Rac8 27.
Qb7 Rc2 28. Bf3 h6 29. a4 Kh7 30. h4 h5 31. a5 Bd4 32. Rd1 e5 33. Bxe5 Bxe5 34.
Rxd8 Rc7 35. Qa8 Rc1+ 36. Bd1 1-0

[Event "Benidorm 2003 - sub2300"]
[Site "Benidorm ESP"]
[Date "2003.11.24"]
[Round "5.36"]
[White "Dura Olmos, Gines Raul"]
[Black "Sanchez Criado, Lluis"]
[Result "1/2-1/2"]
[WhiteElo "2056"]
[BlackElo "2180"]
[PlyCount "36"]
[EventDate "2003.11.21"]
[EventType "swiss"]
[EventRounds "9"]
[EventCountry "ESP"]
[Source "lmi"]
[SourceDate "2003.11.21"]

1. e4 c6 2. d4 d5 3. Nc3 dxe4 4. Nxe4 Bf5 5. Ng3 Bg6 6. h4 h6 7. Nf3 Nd7 8. h5
Bh7 9. Bd3 Bxd3 10. Qxd3 e6 11. Bf4 Qa5+ 12. Bd2 Qc7 13. O-O-O O-O-O 14. Ne4
Ngf6 15. g3 Nxe4 16. Qxe4 Nf6 17. Qe2 Bd6 18. Rh4 Rhe8 1/2-1/2

[Event "Benidorm 2003 - sub2300"]
[Site "Benidorm ESP"]
[Date "2003.11.24"]
[Round "5.37"]
[White "Yanez Acin, Gonzalo"]
[Black "Cano Gimenez, Vicente"]
[Result "0-1"]
[WhiteElo "2014"]
[BlackElo "2178"]
[PlyCount "94"]
[EventDate "2003.11.21"]
[EventType "swiss"]
[EventRounds "9"]
[EventCountry "ESP"]
[Source "lmi"]
[SourceDate "2003.11.21"]

1. e4 c5 2. Nf3 Nc6 3. d4 cxd4 4. Nxd4 g6 5. Be3 Nf6 6. Nc3 Bg7 7. Be2 O-O 8.
Qd2 d5 9. Nxc6 bxc6 10. Rd1 Be6 11. Bf3 dxe4 12. Qxd8 Rfxd8 13. Rxd8+ Rxd8 14.
Nxe4 Nxe4 15. Bxe4 Bxb2 16. O-O Bxa2 17. Bxa7 Rc8 18. Bc5 Bd5 19. Rb1 Be5 20.
Bd3 Bd6 21. Be3 Rb8 22. Rxb8+ Bxb8 23. g3 e5 24. Bc5 f5 25. Ba6 Be6 26. Kf1 Kf7
27. Ke2 Ke8 28. Kd3 Kd7 29. f3 Bd5 30. Bc4 Ke6 31. Be3 Bd6 32. f4 e4+ 33. Kc3
Bxc4 34. Kxc4 Kd7 35. Kd4 Kc8 36. c4 Kb7 37. c5 Bc7 38. Kc4 Ka6 39. Bd4 Bd8 40.
Be5 Ba5 41. h3 Bd2 42. g4 e3 43. Kd3 Kb5 44. Bd4 Kb4 45. gxf5 gxf5 46. h4 h5
47. Ke2 Kc4 0-1

[Event "Benidorm 2003 - sub2300"]
[Site "Benidorm ESP"]
[Date "2003.11.24"]
[Round "5.39"]
[White "Massa, Giovanni"]
[Black "Van Hoolandt, Patrick"]
[Result "0-1"]
[WhiteElo "2136"]
[BlackElo "2272"]
[PlyCount "40"]
[EventDate "2003.11.21"]
[EventType "swiss"]
[EventRounds "9"]
[EventCountry "ESP"]
[Source "lmi"]
[SourceDate "2003.11.21"]

1. e4 e5 2. Nf3 Nc6 3. Bb5 Nf6 4. O-O Nxe4 5. d4 Nd6 6. Bxc6 dxc6 7. dxe5 Nf5
8. Qxd8+ Kxd8 9. Nc3 Ke8 10. b3 Ne7 11. Bb2 Bg4 12. Ng5 h6 13. Nge4 Nd5 14. Ng3
h5 15. h3 h4 16. Nge2 Nxc3 17. Nxc3 Bf5 18. Rac1 Rd8 19. Nb1 Bc5 20. Ba3 Rd5
0-1

[Event "Benidorm 2003 - sub2300"]
[Site "Benidorm ESP"]
[Date "2003.11.24"]
[Round "5.40"]
[White "Gomez Cerezo, Diego Jesus"]
[Black "Varga, Mariano"]
[Result "0-1"]
[WhiteElo "2135"]
[BlackElo "2266"]
[PlyCount "86"]
[EventDate "2003.11.21"]
[EventType "swiss"]
[EventRounds "9"]
[EventCountry "ESP"]
[Source "lmi"]
[SourceDate "2003.11.21"]

1. d4 Nf6 2. c4 c5 3. d5 b5 4. cxb5 a6 5. bxa6 Bxa6 6. Nc3 g6 7. e4 Bxf1 8.
Kxf1 d6 9. g3 Bg7 10. Kg2 O-O 11. Nge2 Nbd7 12. Qc2 Qa5 13. Bd2 Rfb8 14. b3 Qa3
15. Rab1 Ne8 16. g4 Nc7 17. g5 Na6 18. Bc1 Qb4 19. Bd2 Qb7 20. a3 Nc7 21. Bc1
Nb5 22. Nxb5 Qxb5 23. Bb2 Bxb2 24. Qxb2 Qd3 25. Ng3 Ne5 26. Rhe1 Nc4 27. Qe2
Qxe2 28. Nxe2 Nd2 29. b4 Nxb1 30. Rxb1 Rxa3 31. b5 Kf8 32. f3 Ke8 33. h4 Kd7
34. Kg3 Kc7 35. Kg4 Re3 36. Nf4 Ra8 37. Ng2 Rc3 38. Ne1 Ra2 39. h5 Rh2 40. hxg6
hxg6 41. Kg3 Rh5 42. Kg4 Rh1 43. Ra1 Kb7 0-1

[Event "Benidorm 2003 - sub2300"]
[Site "Benidorm ESP"]
[Date "2003.11.24"]
[Round "5.41"]
[White "Ibanez Terradellas, Eduardo"]
[Black "Perez Aleman, Pedro Tomas"]
[Result "1-0"]
[WhiteElo "2257"]
[BlackElo "2118"]
[PlyCount "95"]
[EventDate "2003.11.21"]
[EventType "swiss"]
[EventRounds "9"]
[EventCountry "ESP"]
[Source "lmi"]
[SourceDate "2003.11.21"]

1. d4 g6 2. Nf3 Nf6 3. Bg5 Bg7 4. Nbd2 d5 5. e3 O-O 6. Be2 b6 7. O-O Bb7 8. b4
Nbd7 9. Rb1 Ne8 10. c4 dxc4 11. Nxc4 Nd6 12. Nfd2 h6 13. Bf4 g5 14. Bg3 Nf5 15.
Qc2 Nxg3 16. hxg3 e5 17. Nxe5 Nxe5 18. dxe5 Bxe5 19. Nf3 Bg7 20. Rbc1 Rc8 21.
Rfd1 Qe7 22. Qa4 a6 23. Rd7 Qe8 24. Qd1 Bxf3 25. gxf3 Be5 26. Bxa6 Ra8 27. Bb5
Rxa2 28. Qd5 Qe6 29. Qe4 Bxg3 30. Qxe6 Bxf2+ 31. Kf1 fxe6 32. Rcxc7 Rxf3 33.
Be2 Bg3+ 34. Bxf3 Rf2+ 35. Kg1 Rxf3 36. Kg2 Bxc7 37. Kxf3 Bh2 38. Re7 Bd6 39.
Rxe6 Bxb4 40. Rxb6 Bf8 41. Kg4 Kf7 42. e4 Bg7 43. Kf5 Bf8 44. e5 Bg7 45. e6+
Ke8 46. Rb8+ Ke7 47. Rb7+ Kf8 48. Rf7+ 1-0

[Event "Benidorm 2003 - sub2300"]
[Site "Benidorm ESP"]
[Date "2003.11.24"]
[Round "5.42"]
[White "Pons Servera, Cristobal"]
[Black "Martinez Torho, Jorge"]
[Result "0-1"]
[WhiteElo "2133"]
[BlackElo "2218"]
[PlyCount "90"]
[EventDate "2003.11.21"]
[EventType "swiss"]
[EventRounds "9"]
[EventCountry "ESP"]
[Source "lmi"]
[SourceDate "2003.11.21"]

1. d4 d5 2. c4 e6 3. Nc3 Nf6 4. Bg5 Be7 5. e3 O-O 6. Nf3 c6 7. Bd3 dxc4 8. Bxc4
b5 9. Bd3 a6 10. O-O Nbd7 11. Rc1 Bb7 12. Ne5 Nxe5 13. dxe5 Nd7 14. Bxe7 Qxe7
15. f4 c5 16. Qh5 g6 17. Qh6 c4 18. Be4 Nc5 19. Bxb7 Qxb7 20. Rf3 f5 21. exf6
Rxf6 22. Rd1 b4 23. Ne2 Na4 24. b3 cxb3 25. axb3 Nc3 26. Nxc3 bxc3 27. e4 c2
28. Rc1 Qxe4 29. Qg5 Qd4+ 30. Rf2 Rd8 31. Rcxc2 Rf5 32. Qe7 Rf7 33. Qh4 Rdf8
34. Rcd2 Qe4 35. Rfe2 Rxf4 36. Qe1 Qf5 37. Rd1 Qc5+ 38. Kh1 Qb5 39. Kg1 Qb6+
40. Kh1 Qxb3 41. h3 Qc4 42. Kh2 Qc7 43. Qg3 Qc5 44. Rde1 R4f6 45. Re5 Qc6 0-1

[Event "Benidorm 2003 - sub2300"]
[Site "Benidorm ESP"]
[Date "2003.11.24"]
[Round "5.43"]
[White "Vuilleumier, Alex"]
[Black "Muelas Cerezuela, Jose"]
[Result "1-0"]
[WhiteElo "2216"]
[BlackElo "2128"]
[PlyCount "75"]
[EventDate "2003.11.21"]
[EventType "swiss"]
[EventRounds "9"]
[EventCountry "ESP"]
[Source "lmi"]
[SourceDate "2003.11.21"]

1. Nf3 Nf6 2. g3 c5 3. Bg2 g6 4. O-O Bg7 5. c4 O-O 6. Nc3 Nc6 7. d4 cxd4 8.
Nxd4 Ng4 9. e3 d6 10. h3 Nge5 11. b3 Nxd4 12. exd4 Nc6 13. Ne2 e5 14. d5 Ne7
15. Bb2 f5 16. f4 g5 17. fxe5 Ng6 18. Qd2 dxe5 19. Rad1 Qb6+ 20. Kh2 a5 21. Ba3
Re8 22. d6 Bd7 23. c5 Qb5 24. Nc3 Qa6 25. Qd5+ Be6 26. Qxb7 e4 27. Qxa6 Rxa6
28. Nd5 Bxd5 29. Rxd5 f4 30. d7 fxg3+ 31. Kxg3 Rd8 32. Bxe4 Ne5 33. Bb2 Re6 34.
Bxe5 Bxe5+ 35. Rxe5 Rxe5 36. c6 Rc5 37. Rf2 Rc3+ 38. Kh2 1-0

[Event "Benidorm 2003 - sub2300"]
[Site "Benidorm ESP"]
[Date "2003.11.24"]
[Round "5.44"]
[White "Monmeneu Chulia, Victor"]
[Black "Tscharotschkin, Michael"]
[Result "1/2-1/2"]
[WhiteElo "2133"]
[BlackElo "2214"]
[PlyCount "193"]
[EventDate "2003.11.21"]
[EventType "swiss"]
[EventRounds "9"]
[EventCountry "ESP"]
[Source "lmi"]
[SourceDate "2003.11.21"]

1. e4 e6 2. Qe2 Ne7 3. Nc3 d5 4. d3 Nbc6 5. Nf3 d4 6. Nd1 e5 7. g3 Ng6 8. Bg2
f6 9. h4 Bg4 10. h5 Bb4+ 11. Bd2 Bxd2+ 12. Qxd2 Nge7 13. Rh4 Qd7 14. Nh2 Be6
15. f4 O-O-O 16. Nf2 g5 17. hxg6 Nxg6 18. Rh6 exf4 19. gxf4 f5 20. Rh5 Rhf8 21.
e5 Nge7 22. Rxh7 Rh8 23. Rxh8 Rxh8 24. Nf1 Ng6 25. a3 Bd5 26. Bxd5 Qxd5 27. b3
Qf3 28. Qe2 Qxe2+ 29. Kxe2 Nxf4+ 30. Kf3 Rh4 31. Re1 Ng6 32. e6 Nce5+ 33. Kg3
Kd8 34. Nh3 Ke7 35. Nd2 f4+ 36. Kg2 f3+ 37. Kh2 f2 38. Rf1 Kxe6 39. Kg3 Rg4+
40. Kh2 Rh4 41. Kg3 Rg4+ 42. Kxf2 Nh4 43. Rg1 Kf5 44. Rxg4 Nxg4+ 45. Kg3 Ng6
46. Nf3 c5 47. b4 b6 48. bxc5 bxc5 49. Nhg5 Ne3 50. Ne4 Nxc2 51. a4 Ke6 52.
Nxc5+ Kd5 53. Nb3 Ne5 54. Nxe5 Kxe5 55. Kf3 Nb4 56. Ke2 Kd5 57. Kd2 Na2 58. Kc2
Nb4+ 59. Kd2 Na6 60. Na5 Nc5 61. Nc4 Nxa4 62. Kc2 Nc5 63. Na5 Ne6 64. Nb3 Kc6
65. Na5+ Kb5 66. Nc4 Kb4 67. Ne5 Nd8 68. Nf3 Nc6 69. Kb2 a5 70. Ne1 a4 71. Nc2+
Kb5 72. Ka3 Ka5 73. Ne1 Na7 74. Nc2 Nb5+ 75. Kb2 Kb6 76. Ka2 Ka6 77. Kb2 Ka5
78. Ka2 Nc3+ 79. Kb2 Ne2 80. Ka2 Kb5 81. Kb2 Kc5 82. Ka3 Nc3 83. Kb2 Nd5 84.
Ka3 Nc3 85. Kb2 Nb5 86. Ka2 Kd5 87. Kb2 Ke5 88. Ka2 Kd5 89. Kb2 Kc6 90. Ka2 Kb6
91. Kb2 Ka5 92. Ka2 Nc3+ 93. Ka3 Ne2 94. Kb2 Nf4 95. Nxd4 Nxd3+ 96. Ka3 Ne5 97.
Nb3+ 1/2-1/2

[Event "Benidorm 2003 - sub2300"]
[Site "Benidorm ESP"]
[Date "2003.11.24"]
[Round "5.45"]
[White "Garcia Amoros, Pablo"]
[Black "Picazo Lopez, Juan Antonio"]
[Result "1-0"]
[WhiteElo "2211"]
[BlackElo "2113"]
[PlyCount "63"]
[EventDate "2003.11.21"]
[EventType "swiss"]
[EventRounds "9"]
[EventCountry "ESP"]
[Source "lmi"]
[SourceDate "2003.11.21"]

1. e4 c5 2. Nf3 Nc6 3. d4 cxd4 4. Nxd4 Nf6 5. Nc3 e5 6. Ndb5 d6 7. Bg5 a6 8.
Na3 b5 9. Nd5 Be7 10. Bxf6 Bxf6 11. c3 O-O 12. Nc2 Bg5 13. a4 bxa4 14. Rxa4 Rb8
15. Ra2 a5 16. Bc4 Kh8 17. O-O g6 18. Qd3 Bh6 19. Rd1 f5 20. f3 fxe4 21. Qxe4
Bf5 22. Qe2 Ne7 23. Nce3 Nxd5 24. Nxd5 Be6 25. b3 Bg7 26. Qd3 Bf5 27. Qe2 Be6
28. Rda1 Bxd5 29. Bxd5 Rb5 30. Rd1 Qc7 31. Bc4 Rc5 32. Rd5 1-0